Central Library OPAC University of Rajshahi

Biology / (Record no. 74844)

MARC details
000 -LEADER
fixed length control field 00725nam a2200253 a 4500
001 - CONTROL NUMBER
control field 74844
003 - CONTROL NUMBER IDENTIFIER
rucl marc code BD-RjUL
005 - DATE AND TIME OF LATEST TRANSACTION
control field 20211209082618.0
008 - FIXED-LENGTH DATA ELEMENTS--GENERAL INFORMATION
fixed length control field 170423s1962 paua 001 0 eng
035 ## - SYSTEM CONTROL NUMBER
System control number (BD-RjUL)
040 ## - CATALOGING SOURCE
Original cataloging agency DLC
Transcribing agency DLC
Modifying agency BD-RjUL
Language of cataloging eng
041 ## - LANGUAGE CODE
Language code of text/sound track or separate title eng
082 ## - DEWEY DECIMAL CLASSIFICATION NUMBER
Classification number 570
Edition number 23
Author mark and year VIB 1962
100 1# - MAIN ENTRY--PERSONAL NAME
Personal name Villee, Claude Alvin,
Dates associated with a name 1917-
9 (RLIN) 209956
245 00 - TITLE STATEMENT
Title Biology /
Statement of responsibility, etc. Claude A. Villee , Eldra Pearl and P. William Davis
260 ## - PUBLICATION, DISTRIBUTION, ETC. (IMPRINT)
Place of publication, distribution, etc. Philadelphia :
Name of publisher, distributor, etc. Saunders,
Date of publication, distribution, etc. c1985
300 ## - PHYSICAL DESCRIPTION
Pagination xvi, 1206 p. :
Illustrations ill. ;
Size 29 cm.
500 ## - GENERAL NOTE
General note Includes index
650 #0 - SUBJECT ADDED ENTRY--TOPICAL TERM
Topical term or geographic name as entry element Biology.
9 (RLIN) 209957
700 ## - ADDED ENTRY--PERSONAL NAME
Personal name Pearl, Eldra
Personal name Davis, P. William
942 ## - ADDED ENTRY ELEMENTS (KOHA)
Source of classification or shelving scheme Dewey Decimal Classification
Koha item type Books
Holdings
Lost status Source of classification or shelving scheme Damaged status Not for loan Collection code Permanent Location Current Location Shelving location Date acquired Total Checkouts Full call number Date last seen Copy number Koha item type
  Dewey Decimal Classification   Not For Loan Non-fiction Central Library, University of Rajshahi Central Library, University of Rajshahi Reading Room 11/12/2018   570 VIB 1962 11/12/2018 C-1 Books